| 000 | 00000nam##2200000za#4500 |
| 001 | 9.606717 |
| 003 | CaOODSP |
| 005 | 20250129103523 |
| 007 | cr ||||||||||| |
| 008 | 150406|2007||||xxc|||||o f|0| 0 fre|d |
| 040 | |aCaOODSP|bfre |
| 043 | |an-cn--- |
| 086 | 1 |aEn57-41/10-2007F-PDF |
| 110 | 2 |aService météorologique du Canada. |
| 245 | 10|aLes options d'adaptation des infrastructures à l'évolution du climat / |h[ressource électronique]|cpar Heather Auld, Don MacIver, et Joan Klaasen. |
| 260 | |aToronto - Ontario : |bEnvironnement Canada. |c2007. |
| 300 | |a26p.|bgraphique, références, tableau |
| 490 | 1 |aPapier occasionnel|v10 |
| 590 | |a14-08-Supp|b2014-04-10 |
| 775 | 08|tAdaptation options for infrastructure under changing climate conditions / |w(CaOODSP)9.573364 |
| 830 | #0|aPapier occasionnel ;|v10|w(CaOODSP)9.504138 |
| 856 | 40|ahttp://publications.gc.ca|qPDF|s242 Ko|uhttps://publications.gc.ca/collections/collection_2014/ec/En57-41-10-2007-fra.pdf|y10 |